[Event "FRA-chT U20 0304"]
[Site "France"]
[Date "2004.05.02"]
[Round "11"]
[White "Labat, Antoine"]
[Black "Hennemann, Xavier"]
[Result "1-0"]
[WhiteElo "1870"]
[BlackElo "2054"]
[PlyCount "99"]
[EventDate "2003.11.??"]
[EventType "team-tourn"]
[EventRounds "11"]
[EventCountry "FRA"]
[SourceTitle "EXT 2005"]
[Source "ChessBase"]
[SourceDate "2004.11.15"]
[SourceVersion "1"]
[SourceVersionDate "2004.11.15"]
[SourceQuality "1"]
[WhiteTeam "AECE"]
[BlackTeam "Mulhouse"]
[WhiteTeamCountry "FRA"]
[BlackTeamCountry "FRA"]

1. d4 Nf6 2. c4 c5 3. Nf3 cxd4 4. Nxd4 g6 5. g3 Bg7 6. Bg2 0-0 7. 0-0 Nc6 8. Nc3 Nxd4 9. Qxd4 d6 10. Qd3 Bf5 11. e4 Be6 12. h3 Qc8 13. Nd5 Nxd5 14. cxd5 Bxh3 15. Bg5 Bxg2 16. Kxg2 Qd7 17. Rab1 Rfc8 18. Rh1 Rc7 19. Qe3 Qa4 20. Rh4 Qd4 21. Qf3 h5 22. Be3 Qd3 23. Rbh1 Rc2 24. g4 hxg4 25. Rxg4 Rxb2 26. Qh3 Qc3 27. Rh4 Qe5 28. Rh8+ Bxh8 29. Qh7+ Kf8 30. Qxh8+ Qxh8 31. Rxh8+ Kg7 32. Rxa8 Rxa2 33. Rxa7 Rxa7 34. Bxa7 f5 35. Bd4+ Kf7 36. e5 e6 37. exd6 exd5 38. Kf3 g5 39. Be5 Ke6 40. Ke3 b6 41. Kd4 f4 42. Kd3 b5 43. Kc3 f3 44. Kb4 g4 45. Kxb5 Kxe5 46. d7 g3 47. d8Q gxf2 48. Qh8+ Kf4 49. Qh1 Ke3 50. Qf1 1-0

[Event "FRA-chT U20 0304"]
[Site "France"]
[Date "2004.05.01"]
[Round "10"]
[White "Benassayag, Lucas"]
[Black "Labat, Antoine"]
[Result "1/2-1/2"]
[WhiteElo "2062"]
[BlackElo "1870"]
[PlyCount "94"]
[EventDate "2003.11.??"]
[EventType "team-tourn"]
[EventRounds "11"]
[EventCountry "FRA"]
[SourceTitle "EXT 2005"]
[Source "ChessBase"]
[SourceDate "2004.11.15"]
[SourceVersion "1"]
[SourceVersionDate "2004.11.15"]
[SourceQuality "1"]
[WhiteTeam "Cannes"]
[BlackTeam "AECE"]
[WhiteTeamCountry "FRA"]
[BlackTeamCountry "FRA"]

1. e4 g6 2. d4 Bg7 3. Nc3 c5 4. Nf3 cxd4 5. Nxd4 Nc6 6. Be3 d6 7. Qd2 Nf6 8. f3 0-0 9. 0-0-0 d5 10. exd5 Nxd5 11. Nxc6 bxc6 12. Bd4 Qc7 13. Bxg7 Kxg7 14. h4 Be6 15. Kb1 Qe5 16. Nxd5 cxd5 17. h5 Rab8 18. b3 Kg8 19. hxg6 fxg6 20. Re1 Qf6 21. Bd3 Rf7 22. Rh6 Bf5 23. Qf4 Re8 24. Qa4 Rc8 25. Bxf5 Qxf5 26. Re2 e5 27. Rh1 Rfc7 28. Rc1 d4 29. b4 Kg7 30. Kb2 g5 31. Qb3 d3 32. Rd2 dxc2 33. Rdxc2 Rxc2+ 34. Rxc2 Rxc2+ 35. Qxc2 Qxc2+ 36. Kxc2 Kf6 37. Kd3 Kf5 38. a4 h6 39. b5 Ke6 40. a5 Kd5 41. b6 axb6 42. axb6 Kc6 43. Ke4 Kxb6 44. Kxe5 Kc5 45. Kf6 Kd4 46. Kg6 Ke3 47. Kxh6 Kf4 1/2-1/2

[Event "FRA-chT U20 0304"]
[Site "France"]
[Date "2004.??.??"]
[Round "7"]
[White "Delorme, Axel"]
[Black "Labat, Antoine"]
[Result "1-0"]
[WhiteElo "2090"]
[BlackElo "1870"]
[PlyCount "91"]
[EventDate "2003.11.??"]
[EventType "team-tourn"]
[EventRounds "11"]
[EventCountry "FRA"]
[SourceTitle "EXT 2005"]
[Source "ChessBase"]
[SourceDate "2004.11.15"]
[SourceVersion "1"]
[SourceVersionDate "2004.11.15"]
[SourceQuality "1"]
[WhiteTeam "Sautron"]
[BlackTeam "AECE"]
[WhiteTeamCountry "FRA"]
[BlackTeamCountry "FRA"]

1. e4 c5 2. Nf3 d6 3. d4 cxd4 4. Nxd4 Nf6 5. Nc3 g6 6. Be3 Bg7 7. f3 0-0 8. Qd2 Nc6 9. Bc4 Bd7 10. 0-0-0 Rc8 11. Bb3 Ne5 12. Kb1 Nc4 13. Bxc4 Rxc4 14. g4 b5 15. b3 Rc5 16. Ne6 Bxe6 17. Bxc5 Qc7 18. Bd4 b4 19. Ne2 Rc8 20. h4 h5 21. gxh5 Bh6 22. Qd3 Nxh5 23. Rdg1 d5 24. Bb2 Bd7 25. c4 dxe4 26. fxe4 Bc6 27. Qf3 Nf6 28. Ng3 Bf4 29. Bxf6 exf6 30. Ne2 Bh6 31. h5 Qe5 32. Ng3 Bf4 33. Rh4 Qd4 34. Rd1 Qxd1+ 35. Qxd1 Bxg3 36. Rg4 Be5 37. hxg6 fxg6 38. Rxg6+ Kf7 39. Rg7+ Kxg7 40. Qg4+ Kf7 41. Qxc8 Bxe4+ 42. Kc1 Bf3 43. c5 Bf4+ 44. Kc2 Be4+ 45. Kd1 Ke7 46. c6 1-0

[Event "FRA-chT U20 0304"]
[Site "France"]
[Date "2004.??.??"]
[Round "6"]
[White "Labat, Antoine"]
[Black "Adam, Etienne"]
[Result "1/2-1/2"]
[WhiteElo "1870"]
[BlackElo "1930"]
[PlyCount "95"]
[EventDate "2003.11.??"]
[EventType "team-tourn"]
[EventRounds "11"]
[EventCountry "FRA"]
[SourceTitle "EXT 2005"]
[Source "ChessBase"]
[SourceDate "2004.11.15"]
[SourceVersion "1"]
[SourceVersionDate "2004.11.15"]
[SourceQuality "1"]
[WhiteTeam "AECE"]
[BlackTeam "Niort"]
[WhiteTeamCountry "FRA"]
[BlackTeamCountry "FRA"]

1. d4 d5 2. Nf3 Nf6 3. c4 e6 4. Nc3 Nbd7 5. Bg5 Be7 6. e3 0-0 7. Bd3 b6 8. 0-0 Bb7 9. Qe2 c5 10. Rfd1 cxd4 11. exd4 Rc8 12. cxd5 Nxd5 13. Bxe7 Qxe7 14. Nxd5 Bxd5 15. Ba6 Rc7 16. Rac1 Nf6 17. a3 Bb7 18. Bxb7 Rxb7 19. Qe5 Nd5 20. Rc4 Rc7 21. Rdc1 Rfc8 22. Nd2 a5 23. g3 Kf8 24. Kf1 Qd7 25. Rxc7 Rxc7 26. Rxc7 Nxc7 27. Nc4 Qc6 28. Qd6+ Qxd6 29. Nxd6 Nd5 30. Ke2 Ke7 31. Nc4 Kf6 32. Kf3 h5 33. Ne3 Ne7 34. Nc4 Nd5 35. Ne3 Ne7 36. Nc4 Nc8 37. Ke4 Kg5 38. h4+ Kf6 39. a4 Ke7 40. d5 Nd6+ 41. Kd4 Nxc4 42. Kxc4 exd5+ 43. Kxd5 Kd7 44. f4 Ke7 45. f5 Kd7 46. Ke5 Kc6 47. f6 g6 48. Kd4 1/2-1/2

[Event "FRA-chT U20 0304"]
[Site "France"]
[Date "2003.11.22"]
[Round "1"]
[White "Labat, Antoine"]
[Black "Cochet, Caroline"]
[Result "0-1"]
[WhiteElo "1870"]
[BlackElo "2050"]
[PlyCount "110"]
[EventDate "2003.11.??"]
[EventType "team-tourn"]
[EventRounds "11"]
[EventCountry "FRA"]
[SourceTitle "EXT 2005"]
[Source "ChessBase"]
[SourceDate "2004.11.15"]
[SourceVersion "1"]
[SourceVersionDate "2004.11.15"]
[SourceQuality "1"]
[WhiteTeam "AECE"]
[BlackTeam "Paris NAO"]
[WhiteTeamCountry "FRA"]
[BlackTeamCountry "FRA"]

1. d4 d5 2. c4 e6 3. Nc3 Bb4 4. Nf3 Nf6 5. Bg5 Nbd7 6. e3 c5 7. Bd3 Qa5 8. 0-0 0-0 9. cxd5 exd5 10. Ne5 c4 11. Bc2 Bxc3 12. bxc3 Qxc3 13. Rc1 Qa5 14. Nxd7 Nxd7 15. Qh5 g6 16. Qh6 f5 17. f3 Qb6 18. Rb1 Qd6 19. Bf4 Qf6 20. Rb5 Qc6 21. Rb4 Nb6 22. Be5 Rf7 23. Rfb1 Be6 24. a4 Nd7 25. Bf4 Nf6 26. a5 Rd8 27. Ba4 Qc8 28. Bg5 Bd7 29. Bxf6 Rxf6 30. Rxb7 Rf7 31. Bc2 Be6 32. R7b5 Qc7 33. Qh4 Re8 34. Ba4 Bd7 35. Rc5 Qd6 36. Bxd7 Rxd7 37. Qg5 Kg7 38. Rbb5 Qe6 39. Kf2 h6 40. Qf4 g5 41. Qe5+ Qxe5 42. dxe5 Rxe5 43. a6 Kf6 44. Rb7 Ree7 45. Rbb5 Re6 46. Rb7 Red6 47. Rxd7 Rxd7 48. Rc6+ Ke5 49. g3 Rd6 50. Rc8 Rxa6 51. f4+ gxf4 52. gxf4+ Ke4 53. Re8+ Kd3 54. Rd8 Ra5 55. Rf8 c3 0-1

[Event "FRA-chT U20 0203"]
[Site "Clichy"]
[Date "2003.01.04"]
[Round "5.2"]
[White "Dubedout, Jacques"]
[Black "Labat, Antoine"]
[Result "1-0"]
[WhiteElo "1750"]
[BlackElo "1760"]
[PlyCount "65"]
[EventDate "2002.12.??"]
[EventType "team-tourn"]
[EventRounds "11"]
[EventCountry "FRA"]
[SourceTitle "EXT 2004"]
[Source "ChessBase"]
[SourceDate "2003.11.25"]
[SourceVersion "1"]
[SourceVersionDate "2003.11.25"]
[SourceQuality "1"]
[WhiteTeam "Pau"]
[BlackTeam "AECE"]
[WhiteTeamCountry "FRA"]
[BlackTeamCountry "FRA"]

1. d4 Nf6 2. c4 c5 3. d5 b5 4. cxb5 a6 5. Nc3 axb5 6. e4 b4 7. Nb5 d6 8. Bf4 g5 9. Bxg5 Nxe4 10. Bf4 Bg7 11. Qe2 Nf6 12. Nxd6+ Kf8 13. Nxc8 Qxc8 14. Qf3 Nbd7 15. Bd3 Nb6 16. Be5 c4 17. Bf5 Qc5 18. Ne2 Nbxd5 19. Bxf6 Bxf6 20. Be4 e6 21. Bxd5 exd5 22. Qxf6 Rg8 23. 0-0 Re8 24. Rfe1 Re6 25. Qd4 Qe7 26. Kf1 Qd6 27. Ng3 Qc6 28. Rxe6 fxe6 29. Qf6+ Ke8 30. Nf5 Qd7 31. Re1 Rg6 32. Qh8+ Kf7 33. Qxh7+ 1-0

[Event "FRA-chT U20 0203"]
[Site "Clichy"]
[Date "2003.01.04"]
[Round "6.2"]
[White "Labat, Antoine"]
[Black "Magnin, Segolene"]
[Result "1/2-1/2"]
[WhiteElo "1760"]
[BlackElo "1740"]
[PlyCount "47"]
[EventDate "2002.12.??"]
[EventType "team-tourn"]
[EventRounds "11"]
[EventCountry "FRA"]
[SourceTitle "EXT 2004"]
[Source "ChessBase"]
[SourceDate "2003.11.25"]
[SourceVersion "1"]
[SourceVersionDate "2003.11.25"]
[SourceQuality "1"]
[WhiteTeam "AECE"]
[BlackTeam "Avignon"]
[WhiteTeamCountry "FRA"]
[BlackTeamCountry "FRA"]

1. d4 Nf6 2. c4 e6 3. Nc3 Bb4 4. e3 c5 5. Bd3 Nc6 6. Nf3 0-0 7. 0-0 cxd4 8. exd4 d5 9. Bg5 Be7 10. a3 b6 11. b4 dxc4 12. Bxc4 Bb7 13. Rc1 Nd5 14. Bxe7 Ncxe7 15. Ng5 h6 16. Nge4 Nxc3 17. Nxc3 Nd5 18. Qg4 Rc8 19. Ne2 Nf6 20. Qh3 Qd6 21. Rfd1 Rc7 22. Bb3 Rfc8 23. Rxc7 Rxc7 24. Nc3 1/2-1/2

[Event "FRA-chT U20 0203"]
[Site "Clichy"]
[Date "2002.12.01"]
[Round "3.2"]
[White "Labat, Antoine"]
[Black "Ribeiro, Romain"]
[Result "0-1"]
[WhiteElo "1760"]
[BlackElo "1980"]
[PlyCount "104"]
[EventDate "2002.12.??"]
[EventType "team-tourn"]
[EventRounds "11"]
[EventCountry "FRA"]
[SourceTitle "EXT 2004"]
[Source "ChessBase"]
[SourceDate "2003.11.25"]
[SourceVersion "1"]
[SourceVersionDate "2003.11.25"]
[SourceQuality "1"]
[WhiteTeam "AECE"]
[BlackTeam "Bois Colombes"]
[WhiteTeamCountry "FRA"]
[BlackTeamCountry "FRA"]

1. d4 Nf6 2. c4 e6 3. Nc3 Bb4 4. e3 b6 5. Nf3 Bb7 6. Bd3 0-0 7. 0-0 c5 8. a3 Bxc3 9. bxc3 Ne4 10. Qc2 f5 11. Bb2 Qe7 12. Rad1 Rc8 13. Nd2 Nf6 14. f3 cxd4 15. cxd4 Nd5 16. Rfe1 Qg5 17. Nf1 Nf6 18. e4 fxe4 19. fxe4 e5 20. dxe5 Ng4 21. Rd2 Nc6 22. h3 Ngxe5 23. Re3 Rf8 24. Rf2 Rxf2 25. Qxf2 Rf8 26. Qg3 Qe7 27. Nd2 Ba6 28. Bb1 Qc5 29. Kh2 Rf6 30. Nb3 Qd6 31. Rd3 Nxd3 32. Bxf6 Qxg3+ 33. Kxg3 gxf6 34. Bxd3 Ne5 35. Nc1 Kf7 36. Kf4 Nxd3+ 37. Nxd3 Bxc4 38. Nb4 Ke6 39. g4 d5 40. h4 d4 41. Nc6 d3 42. Nd4+ Kd6 43. Nf5+ Kc5 44. Ke3 b5 45. g5 fxg5 46. hxg5 a5 47. Kd2 b4 48. a4 Ba6 49. Ng7 Kd4 50. Ne6+ Kc4 51. Nf4 Kd4 52. Ne6+ Ke5 0-1

[Event "FRA-chT 0102 U18"]
[Site "France"]
[Date "2001.11.25"]
[Round "3.4"]
[White "Labat, Antoine"]
[Black "Dourerassou, Jonathan"]
[Result "0-1"]
[WhiteElo "1520"]
[BlackElo "2103"]
[PlyCount "84"]
[EventDate "2001.10.??"]
[EventType "team-tourn"]
[EventRounds "11"]
[EventCountry "FRA"]
[SourceTitle "EXT 2003"]
[Source "ChessBase"]
[SourceDate "2002.11.25"]
[SourceVersion "1"]
[SourceVersionDate "2002.11.25"]
[SourceQuality "1"]
[WhiteTeam "AECE"]
[BlackTeam "Creteil"]
[WhiteTeamCountry "FRA"]
[BlackTeamCountry "FRA"]

1. d4 Nf6 2. c4 e6 3. Nf3 Bb4+ 4. Nc3 0-0 5. e3 d5 6. Bd3 c5 7. a3 Bxc3+ 8. bxc3 Nc6 9. 0-0 dxc4 10. Bxc4 Qa5 11. Qc2 b5 12. Ba2 Bb7 13. Bb2 Rac8 14. Qd3 Ne7 15. Rac1 c4 16. Qe2 Ng6 17. Bb1 Qc7 18. Ng5 Qd6 19. f4 h6 20. Nxe6 Rfe8 21. f5 fxe6 22. fxg6 e5 23. Bf5 Rc7 24. Rce1 exd4 25. cxd4 Rce7 26. Qd2 Ne4 27. Qe2 a5 28. d5 Bxd5 29. Rd1 Qc6 30. Bxe4 Bxe4 31. Rf7 Qxg6 32. Rxe7 Rxe7 33. Rd8+ Kh7 34. Bc3 Rf7 35. h3 b4 36. axb4 axb4 37. Bxb4 Qb6 38. Qd2 Qb7 39. Qd4 Bxg2 40. Qxc4 Rf1+ 41. Kh2 Rh1+ 42. Kg3 Qf3+ 0-1